00430cam a2200157ua 45000010005000000080039000050200018000440400009000620820012000712450053000832600048001363000013001846530012001976530032002097000031002415941131029n ii |||gr||||Z||||||eng a81-7018-464-9 cMAIN a954.03511aIndian Struggle For FreedomcBy Satyabrata Ghosh aDelhi:bB.R. Publishing Corporation,c1988. axi,173p. aHistory aIndian Struggle For Freedom1 aGhosh,Satyabrata,eAuthor.